Normal view MARC view
  • St. John Smith and Son

Entry Corporate Name

Number of records used in: 1

001 - CONTROL NUMBER

  • control field: 5505

003 - CONTROL NUMBER IDENTIFIER

  • control field: SIRSI

005 - DATE AND TIME OF LATEST TRANSACTION

  • control field: 20190806150243.0

008 - FIXED-LENGTH DATA ELEMENTS

  • fixed length control field: 080211n| acannaabn |n ana d

040 ## - CATALOGING SOURCE

  • Original cataloging agency: OSt
  • Transcribing agency: OSt

110 2# - HEADING--CORPORATE NAME

  • Corporate name or jurisdiction name as entry element: St. John Smith and Son

670 ## - SOURCE DATA FOUND

  • Source citation: An outline of the history of St. John Smith & Son, [1979]